000 00788nam a2200241Ia 4500
003 OSt
005 20221005120626.0
006 a|||||r|||| 00| 0
007 ta
008 221004b |||||||| |||| 00| 0 eng d
024 _a48537
037 _cTextual
040 _aCRL
_cCRL
_beng
041 _2eng
_aeng
082 _aT25:3:P111:1, K4
110 _aENGLISH Teaching division, United states Information Agency(Washington)
_9629421
245 0 _aEnglish teaching study unit based on Washington Irving's the legand of sleepy Hollow and Rip Van Winkle
260 _c1964
650 _aEDUCATION
700 _aENGLISH Teaching division, United states Information Agency(Washington)
_9629422
942 _hT25:3:P111:1, K4
_cTEXL
_2cc
999 _c1038600
_d1038600